[Event "ARG-chT (Women)"]
[Site "Villa Martelli"]
[Date "2015.06.27"]
[Round "5.1"]
[White "Nejanky, Maisa"]
[Black "Colautti, Marcela"]
[Result "1-0"]
[WhiteElo "2058"]
[BlackElo "1942"]
[PlyCount "97"]
[EventDate "2015.05.30"]
[EventType "team-swiss"]
[EventRounds "7"]
[EventCountry "ARG"]
[SourceTitle "EXT 2016"]
[Source "ChessBase"]
[SourceDate "2015.10.08"]
[SourceVersion "1"]
[SourceVersionDate "2015.10.08"]
[SourceQuality "1"]
[WhiteTeam "Obras AySa (W)"]
[BlackTeam "Ushuaia Jaque Eureka (W)"]
[WhiteTeamCountry "ARG"]
[BlackTeamCountry "ARG"]

1. e4 c6 2. d4 d5 3. e5 Bf5 4. h4 h6 5. g4 Be4 6. f3 Bh7 7. e6 Qd6 8. exf7+ Kxf7 9. f4 Be4 10. Nf3 Nd7 11. Bd3 Qg6 12. h5 Qe6 13. Bxe4 dxe4 14. Ne5+ Ke8 15. Ng6 Rh7 16. Nc3 Ndf6 17. Ne5 Rd8 18. Be3 c5 19. Qe2 Nd7 20. 0-0-0 a6 21. f5 Qd6 22. Nxe4 Qd5 23. Nc3 Qd6 24. Nxd7 Rxd7 25. dxc5 Qc6 26. Rxd7 Kxd7 27. Rd1+ Kc8 28. Qd3 Qe8 29. Nd5 Nf6 30. Nb6+ Kc7 31. Bf4+ e5 32. Be3 Nxg4 33. Nd5+ Kb8 34. Bg1 Rh8 35. Nb6 Be7 36. Qe4 Bg5+ 37. Kb1 Nf6 38. Qe2 Bf4 39. Nc4 Qxh5 40. Qf1 Qxf5 41. c6 Qg4 42. Na5 Ne4 43. Ka1 Nd2 44. Qe1 Rd8 45. Rc1 Rd5 46. Qf2 Rd4 47. Nxb7 Ne4 48. Qf1 Bxc1 49. Qf8+ 1-0

[Event "ARG-chT (Women)"]
[Site "Villa Martelli"]
[Date "2014.05.31"]
[Round "3.1"]
[White "Colautti, Marcela"]
[Black "Lujan, Carolina"]
[Result "0-1"]
[WhiteElo "1950"]
[BlackElo "2380"]
[PlyCount "48"]
[EventDate "2014.05.17"]
[EventType "team-swiss"]
[EventRounds "7"]
[EventCountry "ARG"]
[SourceTitle "EXT 2015"]
[Source "ChessBase"]
[SourceDate "2014.11.20"]
[SourceVersion "1"]
[SourceVersionDate "2014.11.20"]
[SourceQuality "1"]
[WhiteTeam "Obras IJI (W)"]
[BlackTeam "Untref Ajedrez (W)"]
[WhiteTeamCountry "ARG"]
[BlackTeamCountry "ARG"]

1. d4 f5 2. c4 Nf6 3. Nc3 d6 4. g3 g6 5. Bg2 Bg7 6. Nf3 0-0 7. h4 c6 8. Bg5 h6 9. Bf4 Ng4 10. Qb3 e5 11. dxe5 dxe5 12. Rd1 Qe7 13. Bc1 Be6 14. a4 Na6 15. 0-0 Qf7 16. Nd2 e4 17. Ncb1 g5 18. Bh3 Ne5 19. hxg5 hxg5 20. Na3 Rae8 21. Nxe4 fxe4 22. Bxe6 Rxe6 23. Bxg5 Qh5 24. Bh4 Qxe2 0-1

[Event "American Continental (Women) 04th"]
[Site "San Luis"]
[Date "2007.08.30"]
[Round "3.10"]
[White "Colautti, Marcela"]
[Black "Ramon Pita, Vivian"]
[Result "0-1"]
[WhiteElo "1929"]
[BlackElo "2279"]
[PlyCount "93"]
[EventDate "2007.08.28"]
[EventType "swiss"]
[EventRounds "11"]
[EventCountry "ARG"]
[SourceTitle "EXT 2023"]
[Source "ChessBase"]
[SourceDate "2022.10.05"]
[SourceVersion "1"]
[SourceVersionDate "2022.10.05"]
[SourceQuality "1"]

1. d4 g6 2. c4 c5 3. f3 Bg7 4. d5 b5 5. cxb5 a6 6. b6 Qxb6 7. Qc2 d6 8. Na3 Qb4+ 9. Qd2 Qxd2+ 10. Kxd2 Nd7 11. e4 Rb8 12. Rb1 Nb6 13. Bd3 e6 14. dxe6 fxe6 15. Ne2 Ne7 16. b3 d5 17. Bb2 Bh6+ 18. Kd1 0-0 19. Be5 Rb7 20. Bxa6 Ra7 21. Bxc8 Nbxc8 22. Nb5 Rxa2 23. Ra1 Rd2+ 24. Ke1 Rd3 25. Nec3 Nc6 26. Bc7 d4 27. Na4 Rxb3 28. Nd6 Nxd6 29. Bxd6 Ra8 30. Bxc5 Rb5 31. Ke2 Rba5 32. Rhb1 Rxa4 33. Rxa4 Rxa4 34. Rb6 Ra2+ 35. Ke1 Rc2 36. Bd6 d3 37. f4 e5 38. g3 Bf8 39. Bxf8 Kxf8 40. Kd1 Nd4 41. Rd6 Rxh2 42. fxe5 Nb3 43. Rxd3 Nc5 44. Rd4 Ke7 45. Rc4 Nd7 46. Rc7 Ke6 47. Ra7 0-1